| 000 | 00403cam a2200181ua 4500 | ||
|---|---|---|---|
| 001 | 9360 | ||
| 008 | 140402n ii |||gr||||Z||||||eng | ||
| 020 | _a978-93-83308-20-0 | ||
| 040 | _aMAIN | ||
| 041 | _aEnglish | ||
| 082 | _bMAH | ||
| 100 | _aMahanta,Junu. | ||
| 245 | _aPrachya Aru Pachatya Sahityar Subas | ||
| 250 | _a1st. | ||
| 260 |
_aJorhat: _bSabda Prakash. |
||
| 300 | _a132. | ||
| 942 | _cBK | ||
| 999 |
_c9346 _d9346 |
||